[Event "Gelsenkirchen Silvester op 1st"]
[Site "Gelsenkirchen"]
[Date "2013.12.29"]
[Round "4"]
[White "Oberste, Norbert"]
[Black "Buscham, Bjoern"]
[Result "1/2-1/2"]
[WhiteElo "1762"]
[BlackElo "1489"]
[PlyCount "123"]
[EventDate "2013.12.27"]
[EventType "swiss"]
[EventRounds "5"]
[EventCountry "GER"]
[SourceTitle "EXT 2019"]
[Source "ChessBase"]
[SourceDate "2018.10.10"]
[SourceVersion "1"]
[SourceVersionDate "2018.10.10"]
[SourceQuality "1"]

1. f4 d5 2. e3 e6 3. Nf3 Nd7 4. d4 Be7 5. Bd3 Ngf6 6. 0-0 0-0 7. c3 c5 8. b3 a6 9. Nbd2 b5 10. Ne5 Bb7 11. Rf3 Nxe5 12. fxe5 Ne4 13. Rh3 f5 14. Bb2 Qe8 15. Be2 f4 16. Bh5 g6 17. Bg4 Bg5 18. Nxe4 dxe4 19. exf4 Bxf4 20. Bc1 Bxc1 21. Qxc1 cxd4 22. Qh6 Rf7 23. cxd4 Qd7 24. Rd1 Raf8 25. Qe3 Bd5 26. Be2 Rf5 27. Bg4 R5f7 28. Rg3 Kh8 29. h4 Rg7 30. Be2 Qe7 31. h5 gxh5 32. Rh3 Rfg8 33. g3 Qg5 34. Qxg5 Rxg5 35. Kf2 Rf8+ 36. Ke3 Rfg8 37. Rg1 Rc8 38. Bxh5 Rc2 39. Rgh1 Rc3+ 40. Kf4 Rg8 41. Bd1 Rg7 42. g4 Rxh3 43. Rxh3 Rf7+ 44. Ke3 Rf1 45. Kd2 Rf2+ 46. Be2 Rg2 47. Rc3 a5 48. Rc8+ Kg7 49. Rc7+ Kg6 50. Ra7 a4 51. Ra5 axb3 52. axb3 Bxb3 53. Ke3 Bc4 54. Bxc4 bxc4 55. Rc5 Rxg4 56. Rxc4 h5 57. Rc8 Kf7 58. Rh8 h4 59. Rh7+ Kg8 60. Rh6 Kg7 61. Rh5 Kg6 62. Rh8 1/2-1/2